MARC

Tag First Indicator Second Indicator Subfields
LEADER 00000cam a2200000Ia 4500
001 in00002014639
005 20151031152314.0
008 040430s2003 caua bt 000 0 eng d
035 |a (OCoLC)ocm55059693 
040 |a CBT  |c CBT  |d OCLCQ  |d TXA  |d UtOrBLW 
043 |a n-us-ca 
049 |a TXAM 
090 |a HE5633.C2  |b L69 2003 
245 0 0 |a Low-income student bus pass pilot project evaluation :  |b final report /  |c Noreen McDonald [and others]. 
264 1 |a Berkeley, Calif. :  |b Institute of Transportation Studies, University of California at Berkeley,  |c [2003] 
300 |a 65 pages :  |b illustrations ;  |c 28 cm. 
336 |a text  |b txt  |2 rdacontent 
337 |a unmediated  |b n  |2 rdamedia 
338 |a volume  |b nc  |2 rdacarrier 
490 1 |a Research report,  |x 0192-4095 ;  |v UCB-ITS-RR-2004-2 
500 |a Authors: Noreen McDonald, Sally Librera, Elizabeth Deakin, Martin Wachs. 
500 |a "November 2003." 
504 |a Includes bibliographical references (page 52). 
530 |a Also available online via the ITS Berkeley web site (www.its.berkeley.edu). 
650 0 |a Bus lines  |x Fares  |z California  |z San Francisco Bay Area. 
650 0 |a High school students  |x Transportation  |z California  |z San Francisco Bay Area. 
610 2 0 |a Alameda-Contra Costa Transit District (Calif.) 
700 1 |a McDonald, Noreen. 
700 1 |a Librera, Sally. 
700 1 |a Deakin, Elizabeth. 
700 1 |a Wachs, Martin. 
710 2 |a University of California, Berkeley.  |b Institute of Transportation Studies. 
830 0 |a Research report (University of California, Berkeley. Institute of Transportation Studies) ;  |v UCB-ITS-RR-2004-2. 
856 4 1 |u http://www.its.berkeley.edu/publications/UCB/2004/RR/UCB-ITS-RR-2004-2.pdf  |t 0 
994 |a C0  |b TXA 
948 |a cataloged  |b h  |c 2004/12/13  |d c  |e blrosas  |f 10:52:04 am 
999 |a MARS 
999 f f |s 5091c860-874e-38bb-a57e-55a931f88810  |i 4aeefd97-c44a-3da2-9485-374dea17b5b3  |t 0 
952 f f |p ric  |a Texas A&M University  |b Rellis Campus  |c Joint Library Facility  |d Remote Storage  |t 0  |e HE5633.C2 L69 2003  |h Library of Congress classification  |i unmediated -- volume  |m A14831664062 
998 f f |a HE5633.C2 L69 2003  |t 0  |l Remote Storage